[Event "10th 4NCL Congress"]
[Site "Wakefield"]
[Date "2016.09.10"]
[Round "2.16"]
[White "Sheppard, Derek A"]
[Black "Doran, Chris"]
[Result "1-0"]
[WhiteElo "1749"]
[BlackElo "1981"]
[PlyCount "89"]
[EventDate "2016.09.09"]

1. d4 Nf6 2. Nf3 g6 3. Bf4 Bg7 4. e3 d6 5. Be2 O-O 6. h3 c5 7. c3 b6 8. O-O Bb7
9. Nbd2 Nbd7 10. a4 a6 11. Bh2 Qc7 12. Qb1 e5 13. dxe5 Nxe5 14. Rd1 Qc6 15. Nc4
Nxc4 16. Bxc4 d5 17. Ne5 Qe6 18. Be2 Ne4 19. Nd3 g5 20. Bf3 f5 21. a5 Rac8 22.
axb6 Qxb6 23. Qa2 Kh8 24. Qa5 Qc6 25. Ne5 Qe6 26. Nd3 Qe7 27. Qb6 Rc6 28. Qa5
Rfc8 29. Qa3 Rg6 30. Bh5 Rf6 31. Be5 Rff8 32. Bxg7+ Kxg7 33. Bf3 Rfd8 34. Rac1
Rd7 35. b4 c4 36. Bxe4 fxe4 37. Nc5 Rdd8 38. Nxb7 Qxb7 39. Ra1 Rc6 40. Qa5 Rdd6
41. Rxd5 Rg6 42. Rxg5 Qd7 43. Qe5+ Kg8 44. Rxg6+ Rxg6 45. Qxe4 1-0

[Event "10th 4NCL Congress"]
[Site "Wakefield"]
[Date "2016.09.10"]
[Round "2.17"]
[White "Adam, Jamal"]
[Black "Burnett, Jim"]
[Result "0-1"]
[WhiteElo "2080"]
[BlackElo "2121"]
[PlyCount "76"]
[EventDate "2016.09.09"]

1. e4 e6 2. d4 d5 3. Nd2 c5 4. c3 Nc6 5. Ngf3 Nf6 6. e5 Nd7 7. Be2 f6 8. exf6
Qxf6 9. Nb3 h6 10. O-O Bd6 11. Be3 cxd4 12. cxd4 O-O 13. Rc1 Rd8 14. Bd3 Nf8
15. Re1 Rb8 16. a3 Bd7 17. Nc5 Be8 18. b4 b6 19. Nb3 Rbc8 20. Nbd2 Ng6 21. Nf1
Nf4 22. Bxf4 Bxf4 23. Rc2 Bh5 24. Be2 Bxf3 25. Bxf3 Nxd4 26. Rxc8 Rxc8 27. Qd3
Rc3 28. Qb1 Rxf3 29. gxf3 Nxf3+ 30. Kg2 Nxe1+ 31. Qxe1 Qe5 32. Qb1 Kf7 33. Qd1
d4 34. Ng3 Bxg3 35. hxg3 Qe4+ 36. f3 Qe3 37. b5 d3 38. Kf1 Ke7 0-1

[Event "10th 4NCL Congress"]
[Site "Wakefield"]
[Date "2016.09.10"]
[Round "2.18"]
[White "Surtees, Mike J"]
[Black "Moore, Gerald"]
[Result "1/2-1/2"]
[WhiteElo "2095"]
[BlackElo "2072"]
[PlyCount "78"]
[EventDate "2016.09.09"]

1. e4 c5 2. Nh3 Nc6 3. f4 e6 4. d3 d5 5. Nd2 Nf6 6. Nf2 b6 7. c3 Bb7 8. e5 Ng8
9. Nf3 Nge7 10. a3 Nf5 11. d4 cxd4 12. cxd4 h5 13. Bb5 a6 14. Ba4 Be7 15. O-O
Kf8 16. Re1 Rc8 17. Re2 g6 18. g3 b5 19. Bc2 Qb6 20. Bxf5 gxf5 21. h4 a5 22.
Be3 Ba6 23. Rc2 Kg7 24. Nd3 a4 25. Rac1 Kg6 26. Bf2 Na5 27. Rxc8 Rxc8 28. Rxc8
Bxc8 29. Nd2 Bd7 30. Nc5 Bc6 31. Qc2 Nc4 32. Qc3 Qa5 33. Qxa5 Nxa5 34. Be1 Bxc5
35. dxc5 Nc4 36. Nxc4 dxc4 37. Kf2 Kg7 38. Ba5 Kf8 39. Bc7 Ke7 1/2-1/2

[Event "10th 4NCL Congress"]
[Site "Wakefield"]
[Date "2016.09.10"]
[Round "2.19"]
[White "Bak, Andrew"]
[Black "Allis, Richard"]
[Result "1/2-1/2"]
[WhiteElo "2055"]
[BlackElo "2084"]
[PlyCount "124"]
[EventDate "2016.09.09"]

1. Nf3 d5 2. d4 c5 3. g3 Nc6 4. Bg2 cxd4 5. Nxd4 e5 6. Nxc6 bxc6 7. c4 Bb4+ 8.
Bd2 Bxd2+ 9. Qxd2 Be6 10. Nc3 e4 11. cxd5 cxd5 12. O-O f5 13. Rac1 a6 14. e3
Nf6 15. Ne2 O-O 16. Nd4 Bd7 17. Rc2 Qb6 18. Rd1 Rfc8 19. b4 Rcb8 20. a3 Qd6 21.
Bh3 g6 22. Bf1 Rb6 23. Qc3 g5 24. Bh3 g4 25. Bf1 h5 26. Ne2 Kf7 27. Nf4 Rd8 28.
Nxd5 Nxd5 29. Rxd5 Qxd5 30. Bc4 Rd6 31. Qe5 Be6 32. Bxd5 Rxd5 33. Rc7+ R8d7 34.
Rxd7+ Rxd7 35. Qh8 Rd1+ 36. Kg2 Rc1 37. Qxh5+ Ke7 38. Qg5+ Kd7 39. Qg7+ Ke8 40.
Qb2 Rc6 41. b5 axb5 42. Qxb5 Bd7 43. Qe5+ Kd8 44. h3 gxh3+ 45. Kxh3 Rh6+ 46.
Kg2 Kc8 47. f3 exf3+ 48. Kxf3 Re6 49. Qc5+ Rc6 50. Qb4 Ra6 51. Qf8+ Kb7 52. e4
fxe4+ 53. Kxe4 Ra4+ 54. Kd5 Kc7 55. Qd6+ Kd8 56. Qb8+ Ke7 57. Qb6 Rg4 58. Qe3+
Kd8 59. Qd3 Kc7 60. Qa6 Rg5+ 61. Kc4 Rg4+ 62. Kc5 Rg5+ 1/2-1/2

[Event "10th 4NCL Congress"]
[Site "Wakefield"]
[Date "2016.09.09"]
[Round "1.1"]
[White "Burnett, Jim"]
[Black "Hebden, Mark L"]
[Result "0-1"]
[WhiteElo "2121"]
[BlackElo "2516"]
[PlyCount "78"]
[EventDate "2016.09.09"]

1. d4 Nf6 2. c4 g6 3. g3 Bg7 4. Bg2 O-O 5. Nc3 d6 6. Nf3 Nc6 7. O-O Rb8 8. h3
a6 9. e4 b5 10. cxb5 axb5 11. Re1 e6 12. b3 b4 13. Na4 Na5 14. Bb2 Bd7 15. Rc1
Bxa4 16. bxa4 Nd7 17. Qc2 c5 18. Bf1 Nb6 19. Bb5 c4 20. a3 b3 21. Qd2 Ra8 22.
Bc3 b2 23. Qxb2 Nb3 24. Rcd1 Nxa4 25. Bxa4 Rxa4 26. d5 Bxc3 27. Qxc3 e5 28. Nd2
Nd4 29. Rb1 Qc7 30. Kg2 Rc8 31. Rb4 Rxb4 32. axb4 Nb5 33. Qc2 c3 34. Nb3 Nd4
35. Nxd4 exd4 36. Rd1 Qc4 37. b5 d3 38. Rxd3 Qxe4+ 39. f3 Qxd3 0-1

[Event "10th 4NCL Congress"]
[Site "Wakefield"]
[Date "2016.09.09"]
[Round "1.2"]
[White "Levitt, Jonathan P"]
[Black "Surtees, Mike J"]
[Result "1-0"]
[WhiteElo "2415"]
[BlackElo "2095"]
[PlyCount "90"]
[EventDate "2016.09.09"]

1. d4 e6 2. e4 d5 3. Nc3 Nf6 4. e5 Nfd7 5. f4 c5 6. Nf3 Nc6 7. Be3 a6 8. Qd2 b5
9. Ne2 c4 10. g4 Bb4 11. c3 Be7 12. Ng3 Nb6 13. Be2 b4 14. O-O g6 15. f5 exf5
16. gxf5 Bxf5 17. Nxf5 gxf5 18. Kh1 Rg8 19. Rg1 Rg6 20. Ng5 bxc3 21. bxc3 Bxg5
22. Bxg5 Qd7 23. Bh5 Nd8 24. Rab1 Qe6 25. Rbf1 Nc8 26. Rg3 Rb8 27. Rgf3 Rxg5
28. Qxg5 Ne7 29. R3f2 Rb5 30. Bd1 Ra5 31. a4 Qc6 32. Qf6 Ne6 33. Rb2 Qc7 34.
Bc2 Nc6 35. Rfb1 Qd8 36. Qxd8+ Ncxd8 37. Kg2 h6 38. h4 Nf4+ 39. Kg3 Nd3 40. Rb6
Ne6 41. Rd6 Kf8 42. Bd1 Kg7 43. Rb7 Kg6 44. Rbd7 Ndc5 45. dxc5 Rxc5 1-0

[Event "10th 4NCL Congress"]
[Site "Wakefield"]
[Date "2016.09.09"]
[Round "1.3"]
[White "Allis, Richard"]
[Black "Merry, Alan B"]
[Result "0-1"]
[WhiteElo "2084"]
[BlackElo "2396"]
[PlyCount "64"]
[EventDate "2016.09.09"]

1. d4 Nf6 2. c4 g6 3. Nc3 Bg7 4. e4 d6 5. Bg5 c5 6. dxc5 Qa5 7. Qd2 Qxc5 8. Be3
Qa5 9. f3 O-O 10. g4 Nc6 11. Be2 Be6 12. Nh3 h5 13. Nf4 hxg4 14. Nxe6 fxe6 15.
fxg4 Ne5 16. h3 Rac8 17. O-O Nxc4 18. Bxc4 Rxc4 19. Qd3 Rfc8 20. Rae1 Nd7 21.
Ne2 Qxa2 22. Nd4 Qxb2 23. Nxe6 Qe5 24. Nxg7 Qg3+ 25. Kh1 Qxh3+ 26. Kg1 Qxg4+
27. Kh1 Kxg7 28. Bd4+ Ne5 29. Rf2 Rh8+ 30. Rh2 Rxh2+ 31. Kxh2 Qh4+ 32. Kg2 Rxd4
0-1

[Event "10th 4NCL Congress"]
[Site "Wakefield"]
[Date "2016.09.09"]
[Round "1.4"]
[White "Sowray, Peter J"]
[Black "Adam, Jamal"]
[Result "1-0"]
[WhiteElo "2348"]
[BlackElo "2080"]
[PlyCount "59"]
[EventDate "2016.09.09"]

1. e4 Nf6 2. e5 Nd5 3. d4 d6 4. Nf3 Bg4 5. Be2 Nc6 6. c4 Nb6 7. exd6 cxd6 8. d5
Bxf3 9. Bxf3 Ne5 10. Be2 g6 11. f4 Ned7 12. a4 Bg7 13. a5 Nc8 14. Nc3 b6 15. a6
O-O 16. Ra3 Nc5 17. O-O e5 18. b4 Nd7 19. Ne4 Nf6 20. Nxf6+ Bxf6 21. f5 Ne7 22.
fxg6 fxg6 23. Bg4 Qc7 24. Be6+ Kh8 25. Raf3 Bg7 26. Rxf8+ Rxf8 27. Rxf8+ Bxf8
28. Qf1 Qd8 29. Qf6+ Bg7 30. Bg5 1-0

[Event "10th 4NCL Congress"]
[Site "Wakefield"]
[Date "2016.09.09"]
[Round "1.5"]
[White "Moore, Gerald"]
[Black "Mcphillips, Joseph"]
[Result "0-1"]
[WhiteElo "2072"]
[BlackElo "2341"]
[PlyCount "52"]
[EventDate "2016.09.09"]

1. Nf3 d5 2. g3 Nc6 3. d4 Bg4 4. Nbd2 Qd7 5. h3 Bf5 6. c3 Nf6 7. Bg2 h6 8. Ne5
Qe6 9. Qa4 Nd7 10. Nxd7 Qxd7 11. e4 dxe4 12. Nxe4 e5 13. d5 Nb8 14. Qxd7+ Nxd7
15. Be3 Bg6 16. g4 Be7 17. O-O h5 18. g5 f5 19. gxf6 gxf6 20. f4 f5 21. Nd2 e4
22. Nb3 Nb6 23. Bd4 Rg8 24. c4 h4 25. Rac1 Bh5 26. Kh2 O-O-O 0-1

[Event "10th 4NCL Congress"]
[Site "Wakefield"]
[Date "2016.09.09"]
[Round "1.6"]
[White "Horton, Andrew P"]
[Black "Bak, Andrew"]
[Result "1-0"]
[WhiteElo "2296"]
[BlackElo "2055"]
[PlyCount "71"]
[EventDate "2016.09.09"]

1. Nf3 Nf6 2. c4 g6 3. g3 Bg7 4. Bg2 O-O 5. O-O d6 6. Nc3 e5 7. d3 Nc6 8. Rb1
a5 9. a3 Ne7 10. b4 axb4 11. axb4 Nh5 12. Bb2 f5 13. Ra1 Rxa1 14. Qxa1 f4 15.
Qa8 fxg3 16. hxg3 Nf6 17. b5 b6 18. Ra1 Bg4 19. Qxd8 Rxd8 20. Ra7 Rc8 21. Ng5
h6 22. Nge4 Nxe4 23. Bxe4 Kf8 24. Bb7 Rb8 25. f3 Be6 26. Ba6 c5 27. bxc6 Nxc6
28. Rc7 Nb4 29. Bb7 e4 30. Bxe4 Na2 31. Rxg7 Kxg7 32. Nxa2+ Kf7 33. Nc3 b5 34.
Nxb5 Rxb5 35. cxb5 d5 36. b6 1-0

[Event "10th 4NCL Congress"]
[Site "Wakefield"]
[Date "2016.09.09"]
[Round "1.7"]
[White "Bak, Christopher"]
[Black "Abbas, Daniel"]
[Result "0-1"]
[WhiteElo "2025"]
[BlackElo "2279"]
[PlyCount "70"]
[EventDate "2016.09.09"]

1. e4 c5 2. Nf3 e6 3. d4 cxd4 4. Nxd4 Nc6 5. Nc3 Qc7 6. Be2 a6 7. Be3 Nf6 8.
O-O Bb4 9. Nxc6 bxc6 10. Bd3 e5 11. Qe2 O-O 12. Na4 Rb8 13. c3 Be7 14. f3 d5
15. b4 d4 16. cxd4 exd4 17. Bd2 Bxb4 18. Rfc1 Nd7 19. Rc4 Bxd2 20. Qxd2 Ne5 21.
Rxd4 Qa7 22. Bf1 Be6 23. Kh1 c5 24. Rd6 c4 25. Qa5 Ng6 26. Qxa6 Qf2 27. Rad1
Qxa2 28. Nc3 Qc2 29. Qa1 Rb3 30. Rc1 Qf2 31. Rdd1 Nf4 32. Nd5 Bxd5 33. exd5 Rb2
34. Rxc4 Nh3 35. gxh3 Qxh2# 0-1

[Event "10th 4NCL Congress"]
[Site "Wakefield"]
[Date "2016.09.09"]
[Round "1.8"]
[White "Spence, David J"]
[Black "Savage, Nicholas W"]
[Result "1/2-1/2"]
[WhiteElo "2201"]
[BlackElo "2020"]
[PlyCount "130"]
[EventDate "2016.09.09"]

1. e4 e5 2. Nf3 Nc6 3. Bc4 Nf6 4. Ng5 d5 5. exd5 Na5 6. Bb5+ c6 7. dxc6 bxc6 8.
Bd3 Nd5 9. Nf3 Bd6 10. O-O Nf4 11. Re1 Nxd3 12. cxd3 O-O 13. Nc3 c5 14. Ne4 Nc6
15. b3 Ba6 16. Ba3 Re8 17. Bxc5 Bxc5 18. Nxc5 Bxd3 19. Nxd3 Qxd3 20. Rc1 Qd5
21. Qc2 Nb4 22. Qc4 Qxc4 23. Rxc4 Nd3 24. Re3 Rad8 25. Kf1 Rd5 26. Ne1 Nxe1 27.
Kxe1 Red8 28. d3 f6 29. Kd2 Kf7 30. Rc7+ R8d7 31. Rxd7+ Rxd7 32. Re4 Ke6 33.
Kc3 Kd5 34. Rc4 Rb7 35. b4 Rd7 36. a4 f5 37. f4 exf4 38. Rd4+ Ke6 39. Rxd7 Kxd7
40. Kd4 Kd6 41. h4 g6 42. b5 h6 43. a5 g5 44. hxg5 hxg5 45. a6 Kc7 46. Ke5 f3
47. gxf3 g4 48. fxg4 fxg4 49. Kf4 Kb6 50. Kxg4 Kxb5 51. Kf5 Kxa6 52. d4 Kb7 53.
Ke6 a5 54. d5 a4 55. d6 a3 56. d7 a2 57. d8=Q a1=Q 58. Qd5+ Kb6 59. Qb3+ Kc5
60. Qd5+ Kb6 61. Qd8+ Kb7 62. Qe7+ Kb6 63. Qb4+ Kc6 64. Qe4+ Kb6 65. Qe3+ Kb7
1/2-1/2

[Event "10th 4NCL Congress"]
[Site "Wakefield"]
[Date "2016.09.09"]
[Round "1.9"]
[White "Burke, Mitchell R"]
[Black "Jones, Steven A"]
[Result "1/2-1/2"]
[WhiteElo "1967"]
[BlackElo "2175"]
[PlyCount "60"]
[EventDate "2016.09.09"]

1. e4 d5 2. exd5 Qxd5 3. Nf3 Bg4 4. Be2 Nc6 5. d4 O-O-O 6. c4 Qf5 7. Be3 e5 8.
d5 Nb4 9. O-O Bxf3 10. Bxf3 Nf6 11. Nc3 Nc2 12. Be4 Nxe4 13. Qxc2 Ng3 14. Qxf5+
Nxf5 15. g4 Nh4 16. f3 f6 17. Rad1 b6 18. Ne4 h6 19. Kf2 f5 20. gxf5 Nxf5 21.
Bd2 Nd6 22. Nxd6+ cxd6 23. Rg1 Rd7 24. Rg6 Be7 25. Ke2 Bf6 26. Kd3 e4+ 27. fxe4
Bxb2 28. Bc3 Bxc3 29. Kxc3 Rf8 30. Rdg1 Rff7 1/2-1/2

[Event "10th 4NCL Congress"]
[Site "Wakefield"]
[Date "2016.09.09"]
[Round "1.10"]
[White "Burrows, Martin P"]
[Black "Keely, Leo A"]
[Result "1/2-1/2"]
[WhiteElo "2157"]
[BlackElo "1938"]
[PlyCount "158"]
[EventDate "2016.09.09"]

1. e4 d5 2. exd5 Nf6 3. Nf3 Bg4 4. Be2 Qxd5 5. d4 e6 6. h3 Bh5 7. O-O Be7 8. c4
Qd8 9. Nc3 O-O 10. g4 Bg6 11. Ne5 Nbd7 12. Nxg6 hxg6 13. Bf3 c6 14. Bf4 Nb6 15.
b3 Qd7 16. Qd2 Rfd8 17. Rad1 Bb4 18. Qb2 Qe8 19. a3 Be7 20. a4 Nc8 21. b4 Bd6
22. Bg5 Ne7 23. Rfe1 Nh7 24. Bc1 Qf8 25. Ne4 Bc7 26. Bg2 Rab8 27. Qc3 Nf6 28.
Bb2 Nxe4 29. Bxe4 b5 30. cxb5 Nd5 31. Bxd5 Rxd5 32. Kf1 Bd6 33. Qxc6 Rc8 34.
Qa6 Rc2 35. Re2 Rxe2 36. Kxe2 Qe7 37. Kf1 Kh7 38. Qc6 Qf6 39. Qc3 Qf4 40. Qe3
Qh2 41. Bc3 Be7 42. Qf3 Bf6 43. Bb2 Qd6 44. Bc3 Qc7 45. Kg2 Qc4 46. Re1 Qb3 47.
Ra1 Qc2 48. b6 axb6 49. a5 bxa5 50. bxa5 Bxd4 51. Bxd4 Rxd4 52. a6 Rd3 53. Qb7
Rb3 54. Qa8 Qc3 55. Rh1 Ra3 56. Qb7 Qc5 57. Re1 Qa5 58. Re3 Qxa6 59. Qxf7 Rxe3
60. fxe3 Qd6 61. Qf4 Qd5+ 62. Kg3 Qh1 63. Qf3 Qg1+ 64. Kf4 Qa1 65. h4 e5+ 66.
Kg3 Qc3 67. h5 gxh5 68. gxh5 Qc7 69. Qf5+ Kg8 70. Kg4 Qe7 71. e4 Kh8 72. Qc8+
Kh7 73. Qf5+ Kh8 74. Kf3 Qa3+ 75. Kg2 Qc3 76. Qg6 Qd2+ 77. Kh3 Qe3+ 78. Kh4
Qf2+ 79. Kh3 Qf3+ 1/2-1/2

[Event "10th 4NCL Congress"]
[Site "Wakefield"]
[Date "2016.09.09"]
[Round "1.11"]
[White "Barker, Arron"]
[Black "Shaw, Peter"]
[Result "1/2-1/2"]
[WhiteElo "1910"]
[BlackElo "2143"]
[PlyCount "70"]
[EventDate "2016.09.09"]

1. e4 d6 2. d4 Nf6 3. Nc3 c6 4. Nf3 Bg4 5. Be2 e6 6. h3 Bxf3 7. Bxf3 d5 8. Bg5
Be7 9. Bxf6 Bxf6 10. e5 Be7 11. O-O c5 12. dxc5 Bxc5 13. Na4 Be7 14. c4 Nc6 15.
cxd5 Nxe5 16. dxe6 Qxd1 17. exf7+ Kxf7 18. Bxd1 Rhd8 19. Bb3+ Kf8 20. Rad1 Rac8
21. Rxd8+ Rxd8 22. Rd1 Rxd1+ 23. Bxd1 g6 24. Nc3 Nd3 25. b3 Bc5 26. Ne4 Ba3 27.
Bc2 Nc5 28. Kf1 Nxe4 29. Bxe4 b6 30. f4 Bd6 31. f5 gxf5 32. Bxf5 Kg7 33. Kf2 h6
34. Kf3 Kf6 35. Bd3 a5 1/2-1/2

[Event "10th 4NCL Congress"]
[Site "Wakefield"]
[Date "2016.09.09"]
[Round "1.12"]
[White "O'gorman, Tom"]
[Black "Johnson, Paul A"]
[Result "1/2-1/2"]
[WhiteElo "2130"]
[BlackElo "1859"]
[PlyCount "161"]
[EventDate "2016.09.09"]

1. e4 e5 2. Nf3 Nc6 3. Bb5 a6 4. Ba4 Nf6 5. O-O Be7 6. Re1 b5 7. Bb3 d6 8. c3
Na5 9. Bc2 c5 10. h3 O-O 11. d4 Qc7 12. d5 Re8 13. Nbd2 g6 14. Nf1 Bf8 15. Bg5
Bg7 16. Qd2 Bd7 17. Ng3 Nb7 18. Nh2 Reb8 19. f3 Qc8 20. Ng4 Nxg4 21. hxg4 f6
22. Be3 Nd8 23. Kf2 Nf7 24. Rh1 Qf8 25. a3 Rb7 26. Rh4 g5 27. Rh2 Rab8 28. b4
Rc7 29. Nf5 Bxf5 30. gxf5 cxb4 31. axb4 Qc8 32. Ra3 a5 33. Bd3 a4 34. Rh1 h6
35. Rc1 Bf8 36. Qe2 Qd7 37. Bd2 Ra7 38. c4 bxc4 39. Bxc4 Nd8 40. Be3 Raa8 41.
b5 Nb7 42. Rca1 Be7 43. Rxa4 Rxa4 44. Rxa4 Bd8 45. Ra7 Ba5 46. Qb2 Qc7 47. Qa2
Bb6 48. Ra6 Bxe3+ 49. Kxe3 Qc5+ 50. Ke2 Qg1 51. Kd2 Qf2+ 52. Be2 Qd4+ 53. Kc2
Qf2 54. Qc4 Rd8 55. Ra3 Nc5 56. b6 Rb8 57. Qb5 Kf8 58. Rc3 Ke7 59. Kb2 Qd4 60.
Kc2 Ra8 61. Qc4 Qg1 62. b7 Rb8 63. Rb3 Qf2 64. Rb5 Kd7 65. g4 Qe3 66. Rxc5 Qxc5
67. Qxc5 dxc5 68. Bb5+ Kc7 69. Bc6 Rh8 70. Kc3 Kb6 71. Kc4 Rd8 72. Kb3 Rb8 73.
Kc3 Rd8 74. Kd3 Rb8 75. Kc4 Rd8 76. Ba4 Rb8 77. Bc6 Rd8 78. Kb3 Rb8 79. Kc3 Rd8
80. Kc4 Rb8 81. Kc3 1/2-1/2